Paises bombardeados en 2025 - Estadísticas

Estadísticas generales
  • Esta prueba ha sido intentada 41 veces
  • La puntuación promedio es 15 de 20
Estadísticas de respuestas
Países % Correcto
siria
97%
iran
93%
irak
90%
Israel
90%
Pakistan
90%
Rusia
90%
Ucrania
90%
India
86%
Afganistan
83%
Libano
79%
Sudan
76%
Somalia
72%
Yemen
69%
Nigeria
62%
Birmania
59%
Sudan del sur
59%
Camboya
48%
Mali
48%
Tailandia
45%
Catar
28%
No se encontraron pruebas coincidentes
Distribución de puntuación
Porcentaje de gente con cada puntuación
Porcentaje por número respondido
Historial de tus puntuaciones
No has intentado esta prueba.